[Event "Gatineau Roger Roy Memorial"]
[Site "Gatineau"]
[Date "2007.10.16"]
[Round "1"]
[White "Lemieux, Richard"]
[Black "Jiang, Qizhe"]
[Result "1-0"]
[WhiteElo "1533"]
[BlackElo "920"]
[PlyCount "101"]
[EventDate "2007.10.16"]
[EventType "swiss"]
[EventRounds "5"]
[EventCountry "CAN"]
[SourceTitle "EXT 2022"]
[Source "ChessBase"]
[SourceDate "2021.10.06"]
[SourceVersion "1"]
[SourceVersionDate "2021.10.06"]
[SourceQuality "1"]

1. e4 e5 2. Bc4 Nf6 3. d4 d5 4. dxe5 dxc4 5. Qxd8+ Kxd8 6. exf6 gxf6 7. Nf3 Nc6 8. 0-0 Bd6 9. Nc3 a6 10. Rd1 Bd7 11. h3 Be5 12. Nd5 Rc8 13. c3 Ke8 14. Be3 Be6 15. Bc5 Bd6 16. Bxd6 cxd6 17. Nxf6+ Ke7 18. Nd5+ Ke8 19. Nf4 Rd8 20. Rd2 Ke7 21. Rad1 Rd7 22. Nd5+ Bxd5 23. Rxd5 Rhd8 24. Kf1 Ne5 25. Nxe5 dxe5 26. Rxe5+ Kf6 27. Rf5+ Kg7 28. Rxd7 Rxd7 29. Rd5 Re7 30. f3 Re6 31. Ke2 Rb6 32. Rd2 Rg6 33. Ke3 b5 34. e5 Rb6 35. Rd6 Rb7 36. Rxa6 b4 37. Kd4 bxc3 38. Kxc3 Re7 39. f4 Rd7 40. Rd6 Ra7 41. a3 Rb7 42. g4 Rb3+ 43. Kxc4 Rxb2 44. a4 Ra2 45. Kb5 Ra3 46. Rd4 Rxh3 47. a5 Rh4 48. g5 h6 49. gxh6+ Kxh6 50. a6 Kg6 51. f5+ 1-0